01017nam a22001937a 4500003000400000005001700004008004100021020001800062040001200080050001800092100002300110245004600133250001200179260003800191300002700229500001900256505049800275650005000773OSt20240816161614.0190709b xxu||||| |||| 00| 0 eng d a9789988212810 cWIUC-GH aKRX47.A38(2e) aAdu-Gyamfi, Derick aLegal reference book /cDerick Adu-Gyamfi a2nd ed. aKumasi :bAshmetro Prints,c2015. axlviii, 490p.:c25 cm. aIncludes index aContents: Civil procedure -- Law of evidence -- Criminal law and procedure -- Land law and conveyancing -- Company law -- Interpretation of statutes -- Equity and succession -- The law of contempt of court -- Election petition and electoral matters -- Constitutional law -- Law of contract -- Law of tort -- Commercial law -- Family law -- International law -- Conflict of laws -- Legal ethics -- The law of chieftaincy -- Labour law -- Intellectual property -- Alternative dispute resolution. a Civil Procedure -- Legal Reference -- Ghana